Bài tập vật lí đại cương; T1 Cơ nhiệt

Bewaard in:
Bibliografische gegevens
Hoofdauteur: Nguyễn Hữu Hồ
Formaat: Boek
Taal:Undetermined
Gepubliceerd in: Hà Nội ĐH và THCN 1979
Onderwerpen:
Tags: Voeg label toe
Geen labels, Wees de eerste die dit record labelt!
Thư viện lưu trữ: Trung tâm Học liệu Trường Đại học Cần Thơ
LEADER 00592nam a2200193Ia 4500
001 CTU_2447
008 210402s9999 xx 000 0 und d
082 |a 530.076 
082 |b H450/T1/1979 
100 |a Nguyễn Hữu Hồ 
245 0 |a Bài tập vật lí đại cương; T1 
245 0 |b Cơ nhiệt 
245 0 |c Nguyễn Hữu Hồ 
260 |a Hà Nội 
260 |b ĐH và THCN 
260 |c 1979 
650 |a physics - problems, exercises 
904 |i Nguyễn Quang Điền, 960826 
980 |a Trung tâm Học liệu Trường Đại học Cần Thơ